000 00433nam a2200193Ia 4500
008 210210b1874 xxu||||| |||| 00| 0 eng d
041 _aeng
082 _a829/703
100 _aLYTTON (Lord)
245 _aMy novel Vol II
260 _aLondon
_bGeorge Routledge and Sons Limited
_c1874
440 _aII
650 _aVol
650 _anovel
650 _aMy
650 _aII
690 _aEnglish Fiction
906 _a017302
999 _c137260
_d137260